000 00889nam a2200205Ii 4500
003 JO-AjNU
008 230605s9999||||xx |||||||||||||| ||und||
040 _aJO-AjNU
_bara
_erda
_cJO-AjNU
041 _aara
050 1 4 _aDS227.A2 1965
100 3 _aتاليف ماجد، عبد المنعم,
_eauthor
_941177
245 0 0 _aالتاريخ السياسي للدولة العربية: عصور الجاهلية والنبوة والخلفاء الراشدين، الجزء الأول
250 _aط3
264 3 1 _aالقاهرة: مكتبة الانجلو الامريكية، 1965
300 _aج1، 272ص
336 _atext
_btxt
_2rdacontent
337 _aunmediated
_bn
_2rdamedia
338 _avolume
_bnc
_2rdacarrier
650 4 _aالبلاد العربية - سياسة وحكومة- تاريخ- عصر الجاهلية والنبوة والخلفاء الراشدين
_941178
999 _aA17535
_c21103
_d21103